| 000 | 00690nam a2200193 a 4500 | ||
|---|---|---|---|
| 005 | 20140414131855.0 | ||
| 008 | 100817s19uu xx 00 eng d | ||
| 050 |
_aM 910.4 _bF87 2006 |
||
| 100 | _aFreedman, Russel | ||
| 245 |
_aThe adventures of Marco Polo / _cby Russel Freedman ; illustrated by Bagram Ibatoulline. |
||
| 250 | _a1st American Ed | ||
| 260 |
_aNew York : _bScholastic, _c2006. |
||
| 650 |
_aPolo, Marco, 1254-1323? _xPictorial works |
||
| 650 |
_aExplorers _xItaly _xBiography _xPictorial works |
||
| 650 |
_aStory telling _xpictorial works. |
||
| 650 |
_aTravel, Medieval _xPictorial works |
||
| 650 |
_aAsia _xDescription and travel _xpictorial works. |
||
| 999 |
_c110406 _d110406 |
||